[Event "RUS-ch Men Blitz 2019"]
[Site "Sochi"]
[Date "2019.10.17"]
[Round "7.8"]
[White "Triapishko, Alexandr"]
[Black "Kokarev, Dmitry"]
[Result "1/2-1/2"]
[WhiteElo "2514"]
[BlackElo "2593"]
[Annotator "TA"]
[PlyCount "153"]
[EventDate "2019.10.17"]
[EventType "swiss"]
[EventCountry "RUS"]
[SourceTitle "playchess.com"]
[Source "ChessBase"]
[SourceQuality "1"]

{[%evp 11,153,8,3,0,-2,-2,8,-12,9,21,17,3,27,32,27,35,63,35,44,46,83,82,110,94,85,91,104,110,106,59,63,77,200,211,207,161,241,186,183,184,175,172,174,170,162,153,232,152,143,151,176,176,177,171,171,171,168,139,147,147,143,131,172,166,175,117,117,117,124,112,128,133,398,397,421,416,414,401,392,335,323,310,385,339,381,361,447,311,380,372,447,447,447,263,254,239,239,232,232,232,232,232,232,137,137,137,137,137,137,137,137,137,137,137,137,137,137,60,59,0,137,0,137,137,137,60,172,172,172,60,137,137,172,172,172,172,172,172,172,172,172,172,172,0]} 1. Nf3 c5 2. g3 g6 3. c3 ({Predecessor:} 3. Bg2 Bg7 4. c3 Nf6 5. d4 O-O 6. O-O {½-½ (8) Pastircak,M (2385)-Sikora Lerch,J (2395) Czechia 1993}) 3... Bg7 4. d4 Na6 5. Bg2 Nf6 6. O-O O-O 7. Bf4 $146 {A49: 1 d4 Nf6 2 Nf3 g6 3 g3: Anti-King's Indian systems} (7. Bg5 h6 8. Bxf6 Bxf6 9. Qd2 Bg7 10. c4 d5 11. cxd5 Qxd5 12. Nc3 Qh5 13. dxc5 Qxc5 14. Rac1 Be6 15. Rfd1 Qb6 16. Na4 Qb4 17. Nc3 Qb6 18. Na4 Qb4 19. Nc3 {½-½ (19) Rakhmanov,A (2635)-Bruzon Batista,L (2664) Havana 2018}) 7... Qb6 8. Qb3 d6 9. Nbd2 {The position is equal.} Be6 10. Qxb6 axb6 11. e4 cxd4 12. Nxd4 Nc5 13. Nxe6 Nxe6 14. Be3 Nc5 15. e5 dxe5 16. Nc4 $1 $36 {[%cal Rc4b6][%mdl 2048] White has strong initiative.} Ra6 17. Bxc5 bxc5 18. Bxb7 Ra7 19. Bg2 Rb8 20. Rfe1 Nd7 21. a4 e6 (21... Nb6 $16 {was necessary.} 22. Nxe5 Rxa4) 22. a5 $18 Kf8 23. a6 Ke7 (23... Nb6 {was worth a try.} 24. Nd6 (24. Nxe5 Bxe5 25. Rxe5 Nd7 $16) 24... Nd5) 24. Na5 Rxa6 25. Nc6+ {[%mdl 64] Discovered Attack} Rxc6 26. Bxc6 {Hoping for Ra7.} Nb6 27. Ra7+ Kf8 28. Rd1 h5 (28... Bf6 $16 29. Kg2 Nc8) 29. Rb7 Rxb7 30. Bxb7 $16 {[%mdl 4096] Endgame KRB-KBN} Ke7 31. Bc6 f5 32. b4 cxb4 33. cxb4 e4 34. b5 h4 35. Kg2 hxg3 36. hxg3 g5 {[#]} 37. g4 $1 Be5 38. Rh1 (38. Rc1 $18) 38... Bd4 39. Rh7+ Kf6 40. Rh6+ Ke5 41. Rg6 Kf4 $2 {[%mdl 8192]} (41... e3 $16 42. fxe3 Bxe3) 42. Rxe6 $18 Kxg4 {[#]} 43. Bxe4 $1 {[%mdl 512]} Kf4 (43... fxe4 44. Rxe4+) 44. Bc2 g4 45. Rd6 Ke5 46. Rd8 Nd5 47. Re8+ Kf6 48. Kf1 f4 49. Be4 Nc3 50. Bc6 g3 51. fxg3 fxg3 52. Kg2 (52. Re1 $142) 52... Bf2 53. Rb8 Na4 54. Ra8 Nb6 55. Ra2 Ke5 56. Kf3 Kd4 {[#]} 57. Re2 ({White should play} 57. Rc2 $1 $18) 57... Kc4 $16 58. Re6 Kc5 59. Be8 Kb4 60. Rg6 Nc4 61. Rg4 Kc5 {Threatens to win with ...Ne5+.} 62. Rg5+ Kb6 63. Rg6+ Kc5 64. Kg2 (64. Rg8 $16) 64... Ne3+ $14 65. Kf3 (65. Kh3 $1 $14 g2 66. b6) 65... Nc4 $1 $16 66. Rg5+ (66. Ra6 $16) 66... Kb4 (66... Kb6 $1 $11 {keeps the balance.} 67. Bg6 Nb2) 67. Bc6 Ka5 68. Bd5 (68. Rd5 $16) 68... Nb6 (68... Kxb5 $14 69. Be6+ Bc5 70. Kxg3 Nd6) 69. Bb3 Kb4 70. Ba2 (70. Bc2 $18) 70... Na4 (70... Bc5 $1 $14 71. Rxg3 (71. Kxg3 Na8 $18) 71... Kxb5) 71. Bb1 {Strongly threatening Bd3.White is clearly better.} Nb6 72. Bd3 Kc3 73. Bf1 Kb4 74. Ke4 Kc3 75. Rg6 Kb4 76. Kf3 Kc5 77. Ke4 $2 {Accuracy: White = 67%, Black = 51%.} (77. Rg4 $18) 1/2-1/2

[Event "RUS-ch Men Blitz 2019"]
[Site "Sochi"]
[Date "2019.10.17"]
[Round "7.9"]
[White "Golubov, Saveliy"]
[Black "Shubin, Kirill"]
[Result "1-0"]
[WhiteElo "2469"]
[BlackElo "2416"]
[Annotator "TA"]
[PlyCount "129"]
[EventDate "2019.10.17"]
[EventType "swiss"]
[EventCountry "RUS"]
[SourceTitle "playchess.com"]
[Source "ChessBase"]
[SourceQuality "1"]

{[%evp 10,129,7,5,19,15,28,17,28,23,39,28,33,-89,71,-41,89,73,87,58,120,78,100,108,220,217,251,254,235,232,367,374,478,325,412,396,583,587,1163,1166,886,445,445,445,1230,1018,29988,1162,29981,29982,29982,983,894,884,788,629,746,722,651,595,641,474,620,639,616,610,660,645,660,662,670,662,740,715,760,781,768,786,646,0,583,501,852,849,759,523,712,549,645,541,656,566,788,780,661,0,658,560,553,512,689,319,319,326,723,319,741,319,550,0,691,639,745,697,860,827,782,378,839,837,777,718]} 1. d4 e6 2. Nf3 Nf6 3. Bf4 b6 4. e3 Bb7 5. Bd3 d6 6. Nbd2 Nbd7 {A47: 1 d4 Nf6 2 Nf3 b6: Torre, London and Colle Systems} 7. O-O (7. h3 Qe7 8. Bh2 e5 9. dxe5 dxe5 10. e4 g6 11. Qe2 Bh6 12. Nc4 O-O 13. O-O Nc5 14. Ncxe5 Nfxe4 {0-1 (49) Milanovic,D (2495)-Ivanisevic,I (2611) Belgrade 2019}) 7... h6 8. h3 g5 {The position is equal.} 9. Bg3 Rg8 10. e4 Nh5 11. Re1 $146 (11. Nh2 $14 Nf4 12. Bc4) ({Predecessor:} 11. Bh2 Nf4 12. Bxf4 gxf4 13. b4 Qf6 14. Re1 {1-0 (41) Svatos,J (2264)-Zwardon,V (2446) Ostrava 2016}) 11... Bg7 $2 (11... Nxg3 $17 12. fxg3 g4 13. hxg4 Rxg4) 12. c3 ({White should try} 12. Bh2 $16) 12... Nf4 (12... Nxg3 $15 {stays ahead.} 13. fxg3 g4 14. hxg4 Bh8) 13. Bxf4 $16 gxf4 14. Kh1 Qe7 (14... Kf8 $14) 15. Qe2 e5 16. Ba6 O-O-O {[#]} (16... Bxa6 $16 {is a better defense.} 17. Qxa6 Kf8) 17. a4 $1 $18 Nb8 18. Bxb7+ Kxb7 19. a5 Bf6 (19... a6 $142 20. axb6 cxb6) 20. axb6 axb6 21. Qb5 Rg7 22. Qd5+ ({Weaker is} 22. dxe5 dxe5 23. Nc4 (23. Qa4 Kc8 $16) 23... Qd7 $16) 22... c6 (22... Kc8 $142 23. Ra8 Qe6) 23. Qb3 Rdg8 24. Nc4 b5 25. Qa3 bxc4 26. Qa8+ Kb6 (26... Kc8 $142) 27. Ra4 {Threatening mate with Rb4+.} c5 28. d5 (28. dxc5+ $142 dxc5 29. Nd2 Qe6 30. Nxc4+ Qxc4 31. Qa7+ Kc6 32. Rxc4 Be7 33. Qxe7) 28... Kc7 29. Ra7+ {[%mdl 64] Skewer} Kc8 30. Rxe7 (30. Rea1 $142 Rd8 31. Rxe7 Bxe7 32. Ra7 Rd7 33. Rxd7 Kxd7 34. Qb7+ Ke8 35. Qxb8+ Bd8 36. Qxd6 {[%mdl 64] Double Attack}) 30... Bxe7 31. Ra1 {Ra7 would kill now.} Bd8 32. Ra7 {[%csl Ga7][%cal Ra8b7]} f6 33. Rxg7 Rxg7 34. Qa4 Rb7 35. Qa2 Rb5 36. Nd2 Ra5 37. Qb1 Nd7 38. Nxc4 Ra6 39. Qf1 Kb7 40. Kh2 Be7 41. Qe2 Nb6 42. Nxb6 Rxb6 {[%mdl 4096] Endgame KQ-KRB} 43. Qh5 Kc7 44. Qe2 $2 (44. Qe8 $18 Bd8 {[#]} 45. b4 $1 {[%mdl 512]}) 44... Kd7 $2 {[%mdl 8192]} (44... Kb7 $1 $11 {and Black has nothing to worry.} 45. g3 fxg3+ 46. Kxg3 Kc8) 45. Qc2 Ke8 (45... Kd8 $142 46. b4 cxb4) 46. Qa4+ Kf7 47. Qa2 Kf8 48. Kg1 Kf7 49. Kf1 Kf8 50. Ke2 Kf7 51. Kd3 Rb8 52. Ke2 Rb6 $1 53. g3 fxg3 54. fxg3 h5 55. g4 (55. Kd3 $142 Rb8 56. b3) 55... hxg4 56. hxg4 Rb8 $2 (56... c4 57. Kd1 Rb8) 57. Qb1 (57. Kd3 $142) 57... Rh8 $2 (57... c4 58. Kd2 Rg8) 58. Qg1 (58. Kd3 $142 Rb8 59. Kc4) 58... Rb8 $2 (58... c4 59. Kd2 Rg8) 59. Qb1 Rh8 $1 60. Kd3 Rb8 61. Kc4 Rg8 62. Qd1 Rb8 63. Qc2 (63. b4 $142) 63... Rg8 $2 (63... Bd8 64. Qf2 Ke8) 64. Qh2 Kf8 65. Qh5 {Accuracy: White = 46%, Black = 18%.} 1-0

[Event "RUS-ch Men Blitz 2019"]
[Site "Sochi"]
[Date "2019.10.17"]
[Round "7.10"]
[White "Gutenev, Alexander"]
[Black "Lysyj, Igor"]
[Result "0-1"]
[WhiteElo "2469"]
[BlackElo "2596"]
[Annotator "RC"]
[PlyCount "64"]
[EventDate "2019.10.17"]
[EventType "swiss"]
[EventCountry "RUS"]
[SourceTitle "playchess.com"]
[Source "ChessBase"]
[SourceQuality "1"]
[TimeControl "180+2"]

1. e4 {[%emt 0:00:00]} e5 {[%emt 0:00:00]} 2. Nf3 {[%emt 0:00:00]} Nc6 {[%emt 0:00:00]} 3. Bb5 {[%emt 0:00:01]} a6 {[%emt 0:00:01]} 4. Ba4 {[%emt 0:00:01]} Nf6 {[%emt 0:00:01]} 5. O-O {[%emt 0:00:02]} Bc5 {[%emt 0:00:01]} 6. d3 {[%emt 0:00:04]} d6 {[%emt 0:00:03]} 7. c3 {[%emt 0:00:08]} O-O {[%emt 0:00:03]} 8. h3 {[%emt 0:00:03]} Ne7 {[%emt 0:00:04]} 9. Be3 {[%emt 0:00:14]} Bxe3 {[%emt 0:00:07]} 10. fxe3 {[%emt 0:00:01]} Ng6 {[%emt 0:00:01]} 11. c4 {[%emt 0:00:27]} c6 {[%emt 0:00:04]} 12. Nc3 {[%emt 0:00:02]} h6 {[%emt 0:00:08]} 13. Qd2 {[%emt 0:00:25]} b5 {[%emt 0:00:08]} 14. cxb5 {[%emt 0:00:09]} axb5 {[%emt 0:00:02]} 15. Bb3 {[%emt 0:00:02]} Qb6 {[%emt 0:00:07]} 16. Kh2 {[%emt 0:00:06]} Be6 {[%emt 0:00:07]} 17. Bxe6 {[%emt 0:00:15]} fxe6 {[%emt 0:00:01]} 18. a3 {[%emt 0:00:31]} d5 {[%emt 0:00:48]} 19. exd5 {[%emt 0:00:01]} exd5 {[%emt 0:00:02]} 20. d4 {[%emt 0:00:01]} e4 {[%emt 0:00:09]} 21. Ng1 {[%emt 0:00:02]} Nh5 {[%emt 0:00:12]} 22. Nge2 {[%emt 0:00:01]} Nh4 {[%emt 0:00:07]} 23. Kg1 {[%emt 0:00:10]} Qc7 {[%emt 0:00:06]} 24. Nf4 {[%emt 0:00:28]} Nxf4 {[%emt 0:00:04]} 25. exf4 {[%emt 0:00:02]} Nf5 {[%emt 0:00:05]} 26. Ne2 {[%emt 0:00:01]} c5 {[%emt 0:00:10]} 27. Rac1 {[%emt 0:00:03]} c4 {[%emt 0:00:01]} 28. Rc3 {[%emt 0:00:19]} Rae8 {[%emt 0:00:05]} 29. Rd1 {[%emt 0:00:07]} e3 {[%emt 0:00:09]} 30. Qc1 {[%emt 0:00:04]} Qe7 {[%emt 0:00:05]} 31. Rf1 {[%emt 0:00:06]} Qe4 {[%emt 0:00:04]} 32. Qd1 {[%emt 0:00:04]} Nh4 {[%emt 0:00:03]} 0-1

[Event "RUS-ch Men Blitz 2019"]
[Site "Sochi"]
[Date "2019.10.17"]
[Round "7.11"]
[White "Yuffa, Daniil"]
[Black "Bryakin, Mikhail"]
[Result "1-0"]
[WhiteElo "2577"]
[BlackElo "2440"]
[Annotator "ChessBase"]
[PlyCount "61"]
[EventDate "2019.10.17"]
[EventType "swiss"]
[EventCountry "RUS"]
[SourceTitle "playchess.com"]
[Source "ChessBase"]
[SourceQuality "1"]
[TimeControl "180+2"]

1. d4 {[%emt 0:00:00]} Nf6 {[%emt 0:00:00]} 2. c4 c6 3. Nc3 d5 4. Nf3 {[%emt 0:00:04]} a6 {[%emt 0:00:03]} 5. e3 {[%emt 0:00:01]} b5 {[%emt 0:00:11]} 6. b3 {[%emt 0:00:02]} Bg4 {[%emt 0:00:04]} 7. a4 {[%emt 0:00:01]} bxc4 {[%emt 0:00:08]} 8. bxc4 {[%emt 0:00:01]} e6 {[%emt 0:00:00]} 9. c5 {[%emt 0:00:12]} Nbd7 {[%emt 0:00:01]} 10. a5 {[%emt 0:00:02]} e5 {[%emt 0:00:12]} 11. Qa4 {[%emt 0:00:02]} Bxf3 {[%emt 0:00:09]} 12. gxf3 {[%emt 0:00:01]} Qc7 {[%emt 0:00:10]} 13. Rb1 {[%emt 0:00:22]} Be7 {[%emt 0:00:08]} 14. Bh3 {[%emt 0:00:06]} O-O {[%emt 0:00:08]} 15. O-O {[%emt 0:00:02]} exd4 {[%emt 0:00:02]} 16. exd4 {[%emt 0:00:01]} Rad8 {[%emt 0:00:43]} 17. Bg5 {[%emt 0:00:10]} Rfe8 {[%emt 0:00:01]} 18. Bh4 {[%emt 0:00:06]} Nh5 {[%emt 0:00:04]} 19. Bg3 {[%emt 0:00:08]} Nxg3 {[%emt 0:00:11]} 20. hxg3 {[%emt 0:00:03]} Bf6 {[%emt 0:00:11]} 21. Bxd7 {[%emt 0:00:03]} Qxd7 {[%emt 0:00:05]} 22. Rb6 {[%emt 0:00:02]} Qf5 {[%emt 0:00:01]} 23. Qd1 {[%emt 0:00:36]} h5 {[%emt 0:00:00]} 24. Rxc6 {[%emt 0:00:08]} h4 {[%emt 0:00:01]} 25. Kg2 {[%emt 0:00:49]} hxg3 {[%emt 0:00:01]} 26. fxg3 {[%emt 0:00:01]} Re3 {[%emt 0:00:01]} 27. Ne2 {[%emt 0:00:00]} Rde8 {[%emt 0:00:24]} 28. Rf2 {[%emt 0:00:01]} Rd3 {[%emt 0:00:37]} 29. Qc2 {[%emt 0:00:01]} Rxe2 {[%emt 0:00:14]} 30. Qxe2 {[%emt 0:00:05]} Bxd4 {[%emt 0:00:01]} 31. g4 {[%emt 0:00:11]} 1-0

[Event "RUS-ch Men Blitz 2019"]
[Site "Sochi"]
[Date "2019.10.17"]
[Round "7.12"]
[White "Khegay, Dmitriy"]
[Black "Smagin, Sergey"]
[Result "1-0"]
[WhiteElo "2509"]
[BlackElo "2551"]
[Annotator "ChessBase"]
[PlyCount "71"]
[EventDate "2019.10.17"]
[EventType "swiss"]
[EventCountry "RUS"]
[SourceTitle "playchess.com"]
[Source "ChessBase"]
[SourceQuality "1"]
[TimeControl "180+2"]

1. e4 {[%emt 0:00:00]} e5 {[%emt 0:00:00]} 2. Nf3 {[%emt 0:00:00]} Nc6 {[%emt 0:00:01]} 3. Bc4 {[%emt 0:00:02]} Nf6 {[%emt 0:00:01]} 4. d3 {[%emt 0:00:01]} Bc5 {[%emt 0:00:02]} 5. c3 {[%emt 0:00:00]} O-O {[%emt 0:00:10]} 6. Bb3 {[%emt 0:00:05]} a6 {[%emt 0:00:02]} 7. Nbd2 {[%emt 0:00:03]} Ba7 {[%emt 0:00:02]} 8. Nf1 {[%emt 0:00:12]} d5 {[%emt 0:00:06]} 9. exd5 {[%emt 0:00:02]} Nxd5 {[%emt 0:00:01]} 10. Ng3 {[%emt 0:00:00]} Nf4 {[%emt 0:00:14]} 11. Bxf4 {[%emt 0:00:10]} exf4 {[%emt 0:00:01]} 12. Ne4 {[%emt 0:00:06]} Na5 {[%emt 0:00:07]} 13. O-O {[%emt 0:00:07]} Nxb3 {[%emt 0:00:02]} 14. axb3 {[%emt 0:00:03]} f5 {[%emt 0:00:06]} 15. Neg5 {[%emt 0:00:20]} h6 {[%emt 0:00:02]} 16. Nh3 {[%emt 0:00:01]} g5 {[%emt 0:00:00]} 17. Ne5 {[%emt 0:00:06]} c5 {[%emt 0:00:26]} 18. Qh5 {[%emt 0:00:03]} Qf6 {[%emt 0:00:48]} 19. Ng6 {[%emt 0:00:09]} Rf7 {[%emt 0:00:00]} 20. Rae1 Bd7 21. Qxh6 {[%emt 0:00:54]} Rh7 {[%emt 0:00:01]} 22. Qxg5 {[%emt 0:00:30]} Qxg5 {[%emt 0:00:01]} 23. Nxg5 {[%emt 0:00:01]} Rg7 {[%emt 0:00:00]} 24. Ne5 {[%emt 0:00:00]} Rxg5 {[%emt 0:00:47]} 25. Nxd7 {[%emt 0:00:01]} f3 {[%emt 0:00:01]} 26. g3 {[%emt 0:00:02]} f4 {[%emt 0:00:04]} 27. Ne5 {[%emt 0:00:07]} fxg3 {[%emt 0:00:01]} 28. hxg3 {[%emt 0:00:01]} c4 {[%emt 0:00:05]} 29. d4 {[%emt 0:00:02]} cxb3 {[%emt 0:00:04]} 30. Nxf3 {[%emt 0:00:02]} Ra5 {[%emt 0:00:01]} 31. Nd2 {[%emt 0:00:04]} Ra2 {[%emt 0:00:01]} 32. Rb1 {[%emt 0:00:01]} Re8 {[%emt 0:00:02]} 33. Nxb3 Re2 34. Nc1 {[%emt 0:00:06]} Rexb2 {[%emt 0:00:05]} 35. Nxa2 {[%emt 0:00:01]} Rxa2 {[%emt 0:00:01]} 36. Rxb7 {[%emt 0:00:01]} 1-0

[Event "RUS-ch Men Blitz 2019"]
[Site "Sochi"]
[Date "2019.10.17"]
[Round "7.13"]
[White "Goltsev, Dmitry"]
[Black "Potapov, Pavel"]
[Result "0-1"]
[WhiteElo "2309"]
[BlackElo "2489"]
[Annotator "ChessBase"]
[PlyCount "79"]
[EventDate "2019.10.17"]
[EventType "swiss"]
[EventCountry "RUS"]
[SourceTitle "playchess.com"]
[Source "ChessBase"]
[SourceQuality "1"]
[TimeControl "180+2"]

1. e4 {[%emt 0:00:00]} c5 {[%emt 0:00:00]} 2. Nf3 {[%emt 0:00:00]} Nc6 {[%emt 0:00:00]} 3. d4 {[%emt 0:00:00]} cxd4 {[%emt 0:00:01]} 4. Nxd4 {[%emt 0:00:02]} e5 {[%emt 0:00:00]} 5. Nb5 {[%emt 0:00:05]} d6 {[%emt 0:00:02]} 6. N1c3 {[%emt 0:00:02]} a6 {[%emt 0:00:01]} 7. Na3 {[%emt 0:00:01]} Be7 {[%emt 0:00:01]} 8. Nd5 {[%emt 0:00:25]} Nf6 {[%emt 0:00:02]} 9. Be3 {[%emt 0:00:11]} Nxd5 {[%emt 0:00:15]} 10. exd5 {[%emt 0:00:02]} Nb8 {[%emt 0:00:01]} 11. c4 {[%emt 0:00:03]} O-O {[%emt 0:00:02]} 12. Be2 {[%emt 0:00:13]} f5 {[%emt 0:00:01]} 13. f3 {[%emt 0:00:10]} Bh4+ {[%emt 0:00:04]} 14. g3 {[%emt 0:00:05]} Bg5 {[%emt 0:00:02]} 15. Bxg5 {[%emt 0:00:13]} Qxg5 {[%emt 0:00:01]} 16. Qd2 {[%emt 0:00:02]} f4 {[%emt 0:00:11]} 17. O-O-O {[%emt 0:00:11]} Nd7 {[%emt 0:00:08]} 18. Nb1 {[%emt 0:00:11]} Nc5 {[%emt 0:00:03]} 19. Nc3 {[%emt 0:00:03]} Bd7 {[%emt 0:00:08]} 20. Rdg1 {[%emt 0:00:24]} Qe7 {[%emt 0:00:06]} 21. Bd3 {[%emt 0:00:17]} b5 {[%emt 0:00:06]} 22. Qc2 {[%emt 0:00:20]} Nxd3+ {[%emt 0:00:17]} 23. Qxd3 {[%emt 0:00:03]} bxc4 {[%emt 0:00:02]} 24. Qxc4 {[%emt 0:00:01]} a5 {[%emt 0:00:12]} 25. Rg2 {[%emt 0:00:05]} Rac8 {[%emt 0:00:07]} 26. Qe4 {[%emt 0:00:15]} Bf5 {[%emt 0:00:07]} 27. Qa4 {[%emt 0:00:02]} Qa7 {[%emt 0:00:06]} 28. Re1 {[%emt 0:00:14]} fxg3 {[%emt 0:00:13]} 29. hxg3 {[%emt 0:00:10]} Bg6 {[%emt 0:00:05]} 30. f4 {[%emt 0:00:04]} Qd4 {[%emt 0:00:08]} 31. Qxa5 {[%emt 0:00:03]} exf4 {[%emt 0:00:05]} 32. Rd2 {[%emt 0:00:01]} Qf6 {[%emt 0:00:07]} 33. gxf4 {[%emt 0:00:01]} Qxf4 {[%emt 0:00:02]} 34. Qa7 {[%emt 0:00:03]} Qf5 {[%emt 0:00:06]} 35. Kd1 {[%emt 0:00:03]} Rxc3 {[%emt 0:00:04]} 36. bxc3 {[%emt 0:00:01]} Qb1+ {[%emt 0:00:01]} 37. Ke2 {[%emt 0:00:03]} Bh5+ {[%emt 0:00:03]} 38. Ke3 {[%emt 0:00:03]} Qxe1+ {[%emt 0:00:02]} 39. Kd3 {[%emt 0:00:01]} Bg6+ {[%emt 0:00:05]} 40. Kd4 0-1

[Event "RUS-ch Men Blitz 2019"]
[Site "Sochi"]
[Date "2019.10.17"]
[Round "7.14"]
[White "Rozum, Ivan"]
[Black "Dianov, Alexey"]
[Result "1-0"]
[WhiteElo "2599"]
[BlackElo "2158"]
[Annotator "ChessBase"]
[PlyCount "61"]
[EventDate "2019.10.17"]
[EventType "swiss"]
[EventCountry "RUS"]
[SourceTitle "playchess.com"]
[Source "ChessBase"]
[SourceQuality "1"]
[TimeControl "180+2"]

1. e4 {[%emt 0:00:00]} d5 {[%emt 0:00:00]} 2. exd5 {[%emt 0:00:00]} Qxd5 {[%emt 0:00:00]} 3. Nc3 {[%emt 0:00:02]} Qd8 {[%emt 0:00:02]} 4. d4 {[%emt 0:00:01]} Nf6 {[%emt 0:00:01]} 5. Nf3 {[%emt 0:00:02]} Bg4 {[%emt 0:00:01]} 6. h3 {[%emt 0:00:02]} Bxf3 {[%emt 0:00:04]} 7. Qxf3 {[%emt 0:00:01]} c6 {[%emt 0:00:01]} 8. Bd3 {[%emt 0:00:05]} Qxd4 {[%emt 0:00:07]} 9. O-O {[%emt 0:00:01]} e6 {[%emt 0:00:02]} 10. Ne4 {[%emt 0:00:04]} Be7 {[%emt 0:00:13]} 11. Rd1 {[%emt 0:00:04]} Nxe4 {[%emt 0:00:02]} 12. Bxe4 {[%emt 0:00:02]} Qf6 {[%emt 0:00:01]} 13. Qb3 {[%emt 0:00:06]} b6 {[%emt 0:00:15]} 14. a4 {[%emt 0:00:21]} O-O {[%emt 0:00:12]} 15. Be3 {[%emt 0:00:04]} Rc8 {[%emt 0:00:20]} 16. a5 {[%emt 0:00:11]} Na6 {[%emt 0:00:28]} 17. axb6 {[%emt 0:00:01]} axb6 {[%emt 0:00:03]} 18. Qxb6 {[%emt 0:00:02]} Nb4 {[%emt 0:00:18]} 19. Rxa8 {[%emt 0:00:06]} Rxa8 {[%emt 0:00:01]} 20. Qb7 {[%emt 0:00:38]} Re8 {[%emt 0:00:18]} 21. Bd4 {[%emt 0:00:09]} Qh4 {[%emt 0:00:10]} 22. Bxc6 {[%emt 0:00:13]} Nxc6 {[%emt 0:00:10]} 23. Qxc6 {[%emt 0:00:01]} Rd8 {[%emt 0:00:03]} 24. g3 {[%emt 0:01:03]} Qxh3 {[%emt 0:00:26]} 25. Qc7 {[%emt 0:00:02]} Bf6 {[%emt 0:00:07]} 26. c3 {[%emt 0:00:05]} e5 {[%emt 0:00:06]} 27. Re1 {[%emt 0:00:01]} Rc8 {[%emt 0:00:11]} 28. Rxe5 {[%emt 0:00:11]} Bxe5 {[%emt 0:00:04]} 29. Qxe5 {[%emt 0:00:01]} Qh6 {[%emt 0:00:04]} 30. b4 {[%emt 0:00:04]} Qg6 {[%emt 0:00:05]} 31. b5 {[%emt 0:00:02]} 1-0

[Event "RUS-ch Men Blitz 2019"]
[Site "Sochi"]
[Date "2019.10.17"]
[Round "7.15"]
[White "Timofeev, Artyom"]
[Black "Apryshko, Gleb"]
[Result "1-0"]
[WhiteElo "2595"]
[BlackElo "2382"]
[Annotator "RC"]
[PlyCount "141"]
[EventDate "2019.10.17"]
[EventType "swiss"]
[EventCountry "RUS"]
[SourceTitle "playchess.com"]
[Source "ChessBase"]
[SourceQuality "1"]
[TimeControl "180+2"]

1. c4 {[%emt 0:00:00]} e5 {[%emt 0:00:00]} 2. e3 {[%emt 0:00:02]} Nc6 {[%emt 0:00:04]} 3. Nc3 {[%emt 0:00:01]} Nf6 {[%emt 0:00:27]} 4. d3 {[%emt 0:00:02]} Bc5 {[%emt 0:00:13]} 5. Nf3 {[%emt 0:00:03]} d6 {[%emt 0:00:00]} 6. g3 {[%emt 0:00:03]} a6 {[%emt 0:00:06]} 7. Bg2 {[%emt 0:00:01]} O-O {[%emt 0:00:01]} 8. O-O {[%emt 0:00:02]} h6 {[%emt 0:00:08]} 9. h3 {[%emt 0:00:02]} Rb8 {[%emt 0:00:07]} 10. b3 {[%emt 0:00:03]} b5 {[%emt 0:00:04]} 11. Bb2 {[%emt 0:00:04]} e4 {[%emt 0:00:07]} 12. Nd2 {[%emt 0:00:24]} bxc4 {[%emt 0:00:14]} 13. dxc4 {[%emt 0:00:06]} Ne5 {[%emt 0:00:06]} 14. Ncxe4 {[%emt 0:00:03]} Nxe4 {[%emt 0:00:04]} 15. Nxe4 {[%emt 0:00:06]} Nxc4 {[%emt 0:00:02]} 16. Nxc5 {[%emt 0:00:27]} Nxb2 {[%emt 0:00:03]} 17. Qc2 {[%emt 0:00:02]} dxc5 {[%emt 0:00:05]} 18. Qxb2 {[%emt 0:00:02]} c4 {[%emt 0:00:03]} 19. Qc3 {[%emt 0:00:02]} cxb3 {[%emt 0:00:10]} 20. axb3 {[%emt 0:00:01]} Be6 {[%emt 0:00:03]} 21. Rxa6 {[%emt 0:00:02]} Rxb3 {[%emt 0:00:05]} 22. Qc2 {[%emt 0:00:01]} Qc8 {[%emt 0:00:16]} 23. Rc6 {[%emt 0:00:07]} Rb7 {[%emt 0:00:25]} 24. Rxe6 {[%emt 0:00:01]} fxe6 {[%emt 0:00:02]} 25. Bxb7 {[%emt 0:00:02]} Qxb7 {[%emt 0:00:00]} 26. Rc1 {[%emt 0:00:01]} Qf3 {[%emt 0:00:03]} 27. Qd2 {[%emt 0:00:06]} Rf7 {[%emt 0:00:10]} 28. Rc2 {[%emt 0:00:02]} h5 {[%emt 0:00:17]} 29. h4 {[%emt 0:00:01]} Kh7 {[%emt 0:00:03]} 30. Qd3+ {[%emt 0:00:02]} Rf5 {[%emt 0:00:09]} 31. Rd2 {[%emt 0:00:27]} c5 {[%emt 0:00:05]} 32. Qc4 {[%emt 0:00:28]} Re5 {[%emt 0:00:12]} 33. Qf4 {[%emt 0:00:13]} Qe4 {[%emt 0:00:01]} 34. Qxe4+ {[%emt 0:00:07]} Rxe4 {[%emt 0:00:00]} 35. Rd6 {[%emt 0:00:01]} Kg6 {[%emt 0:00:06]} 36. Rc6 {[%emt 0:00:01]} Re5 {[%emt 0:00:03]} 37. Kg2 {[%emt 0:00:02]} Kf6 {[%emt 0:00:01]} 38. Kf3 {[%emt 0:00:01]} Rd5 {[%emt 0:00:05]} 39. Ke4 {[%emt 0:00:03]} Rd2 {[%emt 0:00:02]} 40. f3 {[%emt 0:00:09]} Rd5 {[%emt 0:00:03]} 41. g4 {[%emt 0:00:07]} hxg4 {[%emt 0:00:04]} 42. fxg4 {[%emt 0:00:01]} g5 43. h5 {[%emt 0:00:02]} Re5+ {[%emt 0:00:04]} 44. Kd3 {[%emt 0:00:01]} Rd5+ {[%emt 0:00:01]} 45. Ke4 {[%emt 0:00:07]} Re5+ {[%emt 0:00:00]} 46. Kf3 {[%emt 0:00:01]} Rd5 {[%emt 0:00:01]} 47. Rc8 {[%emt 0:00:01]} Re5 {[%emt 0:00:06]} 48. Rg8 {[%emt 0:00:08]} Kf7 {[%emt 0:00:01]} 49. Rc8 {[%emt 0:00:02]} Kg7 {[%emt 0:00:01]} 50. e4 {[%emt 0:00:03]} Kf7 {[%emt 0:00:04]} 51. Ke3 {[%emt 0:00:01]} Kg7 {[%emt 0:00:01]} 52. Kd3 {[%emt 0:00:01]} Kf7 {[%emt 0:00:00]} 53. Rc7+ {[%emt 0:00:03]} Kg8 {[%emt 0:00:04]} 54. Re7 {[%emt 0:00:02]} Kf8 {[%emt 0:00:01]} 55. Rc7 {[%emt 0:00:02]} Kg8 {[%emt 0:00:00]} 56. h6 {[%emt 0:00:05]} Kh8 {[%emt 0:00:00]} 57. h7 c4+ 58. Kd4 {[%emt 0:00:11]} Ra5 {[%emt 0:00:01]} 59. Kxc4 {[%emt 0:00:07]} Ra4+ {[%emt 0:00:00]} 60. Kd3 {[%emt 0:00:02]} e5 {[%emt 0:00:09]} 61. Re7 {[%emt 0:00:01]} Ra3+ {[%emt 0:00:01]} 62. Kc4 {[%emt 0:00:01]} Rg3 {[%emt 0:00:03]} 63. Rxe5 {[%emt 0:00:02]} Rxg4 {[%emt 0:00:00]} 64. Re7 {[%emt 0:00:02]} Rg1 {[%emt 0:00:04]} 65. e5 {[%emt 0:00:02]} Rd1 {[%emt 0:00:03]} 66. e6 {[%emt 0:00:01]} g4 {[%emt 0:00:04]} 67. Rf7 {[%emt 0:00:03]} g3 {[%emt 0:00:03]} 68. e7 {[%emt 0:00:01]} Rc1+ {[%emt 0:00:01]} 69. Kd3 {[%emt 0:00:01]} Re1 {[%emt 0:00:01]} 70. Rf8+ {[%emt 0:00:02]} Kxh7 {[%emt 0:00:02]} 71. e8=Q {[%emt 0:00:02]} 1-0